Civil wars, civil peace : (Record no. 7978)

MARC details
000 -LEADER
fixed length control field 00791nam a22002412 4500
001 - CONTROL NUMBER
control field 0000009566
005 - DATE AND TIME OF LATEST TRANSACTION
control field 20151217152057.0
008 - FIXED-LENGTH DATA ELEMENTS--GENERAL INFORMATION
fixed length control field 081110s xx 000 0 eng d
020 ## - INTERNATIONAL STANDARD BOOK NUMBER
International Standard Book Number 0745312373 :
Terms of availability KES 2040
040 ## - CATALOGING SOURCE
Original cataloging agency KABU
Transcribing agency KABU
100 1# - MAIN ENTRY--PERSONAL NAME
Personal name Rupesinghe, Kumar.
-- 0000161258
245 10 - TITLE STATEMENT
Title Civil wars, civil peace :
Remainder of title an introduction to conflict resolution /
Statement of responsibility, etc. Kumar Rupesinghe with Sanam Naraghi Anderlini.
260 ## - PUBLICATION, DISTRIBUTION, ETC. (IMPRINT)
Place of publication, distribution, etc. London :
Name of publisher, distributor, etc. Pluto Press,
Date of publication, distribution, etc. 1998.
300 ## - PHYSICAL DESCRIPTION
Extent xii, 179 p.
650 #0 - SUBJECT ADDED ENTRY--TOPICAL TERM
Topical term or geographic name as entry element Peace.
-- 0000153269
650 #0 - SUBJECT ADDED ENTRY--TOPICAL TERM
Topical term or geographic name as entry element Diplomacy.
-- 0000161259
650 #0 - SUBJECT ADDED ENTRY--TOPICAL TERM
Topical term or geographic name as entry element Conflict management.
-- 0000153272
650 #0 - SUBJECT ADDED ENTRY--TOPICAL TERM
Topical term or geographic name as entry element Civil war.
-- 0000161260
700 1# - ADDED ENTRY--PERSONAL NAME
Personal name Anderlini, Sanam Naraghi.
-- 0000161261
908 ## - PUT COMMAND PARAMETER (RLIN)
Put command parameter 081110
950 ## - LOCAL HOLDINGS (RLIN)
-- 1
Holdings
Withdrawn status Lost status Source of classification or shelving scheme Not for loan Home library Current library Date acquired Total Checkouts Full call number Barcode Date last seen Date last checked out Price effective from Koha item type
    Library of Congress Classification   Kabarak, Main Campus Kabarak, Main Campus 17/12/2015 1 JZ6045 .R87 c. 1 15401 18/10/2019 11/10/2019 17/12/2015 General Collection
Designed with assistance from East African Informatics Ltd